000
00282nam a2200121Ia 4500
008
190216s9999||||xx |||||||||||||| ||und||
100
_a
Parihar N S
245
0
_a
Intorduction To Embryophyta
260
_b
Central Book Depot
_c
1969
300
_a
367p
650
_a
Botany
942
_c
BK
999
_c
1124
_d
1124